000 00418nam a2200181Ia 4500
001 10353
005 20260306161826.0
008 260306t1996||||xx |||||||||||||| ||spa||
041 _aESP
082 _a920.71
_bG86
100 _aGuerra Martiniere, Margarita
_eAUT
245 0 _aFelipe Santiago Salaverry
260 _c1996
300 _a
_c20 cm.
650 _aGEN
654 _aCHU
942 _cLIB
_dJUS
_fJUS
_2ddc
_n
999 _c10353
_d10353